[Event "2nd Yerevan Open"]
[Site "?"]
[Date "2017.09.27"]
[Round "9.2"]
[White "Hovhannisyan, Robert"]
[Black "Tabatabaei, M.Amin"]
[Result "0-1"]
[BlackElo "2548"]
[WhiteElo "2594"]
[LiveChessVersion "1.4.8"]

1. e4 e5 {[%clk 1:30:57]} 2. Nf3 {[%clk 1:31:17]} Nc6 {[%clk 1:31:22]} 3. Bb5
{[%clk 1:31:42]} a6 {[%clk 1:31:49]} 4. Ba4 {[%clk 1:31:57]} Nf6 {[%clk 1:32:13]}
5. O-O {[%clk 1:32:11]} b5 {[%clk 1:32:40]} 6. Bb3 {[%clk 1:32:28]} Bb7
{[%clk 1:33:06]} 7. Nc3 {[%clk 1:31:35]} Be7 {[%clk 1:33:10]} 8. d3
{[%clk 1:30:58]} O-O {[%clk 1:33:35]} 9. Nd5 {[%clk 1:30:31]} Na5
{[%clk 1:33:59]} 10. Nxe7+ {[%clk 1:30:15]} Qxe7 {[%clk 1:34:27]} 11. Bg5
{[%clk 1:30:06]} h6 {[%clk 1:32:09]} 12. Bd2 {[%clk 1:28:56]} Nxb3
{[%clk 1:31:48]} 13. axb3 {[%clk 1:29:22]} Nh7 {[%clk 1:25:29]} 14. Re1
{[%clk 1:18:18]} f5 {[%clk 1:24:53]} 15. Ba5 {[%clk 1:09:39]} d6 {[%clk 1:23:58]}
16. Nd2 {[%clk 1:08:41]} Ng5 {[%clk 1:19:55]} 17. f3 {[%clk 1:07:12]} Ne6
{[%clk 1:17:56]} 18. Nf1 {[%clk 1:05:16]} f4 {[%clk 1:09:29]} 19. c3
{[%clk 0:58:08]} g5 {[%clk 1:06:58]} 20. d4 {[%clk 0:56:20]} g4 {[%clk 1:07:23]}
21. fxg4 {[%clk 0:51:49]} f3 {[%clk 1:06:54]} 22. gxf3 {[%clk 0:50:18]} Ng5
{[%clk 1:07:00]} 23. Re3 {[%clk 0:48:02]} exd4 {[%clk 1:06:17]} 24. cxd4
{[%clk 0:44:39]} Rxf3 {[%clk 1:04:31]} 25. Rxf3 {[%clk 0:39:17]} Qxe4
{[%clk 1:04:37]} 26. Nd2 {[%clk 0:31:20]} Qxd4+ {[%clk 0:57:26]} 27. Kf1
{[%clk 0:28:32]} Nxf3 {[%clk 0:57:31]} 28. Nxf3 {[%clk 0:28:43]} Qxg4 29. h3
{[%clk 0:19:58]} Qxh3+ {[%clk 0:57:24]} 30. Kf2 {[%clk 0:19:41]} Rf8
{[%clk 0:57:45]} 31. Qg1+ {[%clk 0:19:02]} Kh7 {[%clk 0:58:10]} 32. Rf1
{[%clk 0:12:06]} Bxf3 {[%clk 0:56:14]} 33. Ke1 {[%clk 0:11:30]} Qe6+
{[%clk 0:56:38]} 34. Kd2 {[%clk 0:11:38]} Qe2+ {[%clk 0:57:04]} 35. Kc3
{[%clk 0:10:38]} b4+ {[%clk 0:57:23]} 36. Bxb4 {[%clk 0:09:47]} Be4
{[%clk 0:57:40]} 0-1

[Event "2nd Yerevan Open"]
[Site "?"]
[Date "2017.09.27"]
[Round "9.3"]
[White "Aitbayev, Aslan"]
[Black "Rozum, Ivan"]
[Result "1-0"]
[BlackElo "2590"]
[WhiteElo "2427"]
[LiveChessVersion "1.4.8"]

1. e4 {[%clk 1:30:56]} d6 {[%clk 1:30:52]} 2. d4 {[%clk 1:31:07]} Nf6
{[%clk 1:31:18]} 3. Nc3 {[%clk 1:31:29]} g6 {[%clk 1:31:44]} 4. Nf3
{[%clk 1:29:55]} Bg7 {[%clk 1:32:09]} 5. Be2 {[%clk 1:30:22]} O-O
{[%clk 1:32:32]} 6. O-O {[%clk 1:30:50]} e6 {[%clk 1:32:07]} 7. Bg5
{[%clk 1:27:27]} h6 {[%clk 1:32:28]} 8. Be3 {[%clk 1:27:50]} Nc6 {[%clk 1:32:47]}
9. h3 {[%clk 1:27:35]} a6 {[%clk 1:32:40]} 10. Qd2 {[%clk 1:26:34]} Kh7
{[%clk 1:33:06]} 11. Rad1 {[%clk 1:14:16]} b5 {[%clk 1:32:06]} 12. Bd3
{[%clk 1:06:57]} Nb4 {[%clk 1:20:44]} 13. e5 {[%clk 0:47:09]} Nd7
{[%clk 1:09:39]} 14. Be4 {[%clk 0:45:38]} d5 {[%clk 1:09:52]} 15. Bd3
{[%clk 0:46:03]} c5 {[%clk 1:09:27]} 16. Ne2 {[%clk 0:45:03]} cxd4
{[%clk 1:01:57]} 17. Bxh6 {[%clk 0:37:02]} Nc6 {[%clk 1:00:14]} 18. Ng5+
{[%clk 0:36:54]} Kg8 {[%clk 1:00:34]} 19. Bxg7 {[%clk 0:37:20]} Kxg7
{[%clk 1:01:01]} 20. f4 {[%clk 0:37:39]} Qb6 {[%clk 0:55:01]} 21. Qe1
{[%clk 0:31:58]} Nc5 {[%clk 0:50:14]} 22. Qh4 {[%clk 0:29:08]} Rh8
{[%clk 0:50:25]} 23. Qf2 Na4 24. b3 {[%clk 0:27:08]} Nb2 {[%clk 0:45:29]} 25. Rb1
{[%clk 0:27:21]} Nxd3 {[%clk 0:45:36]} 26. cxd3 {[%clk 0:27:47]} Nb4
{[%clk 0:40:51]} 27. Nxd4 {[%clk 0:12:28]} Rb8 {[%clk 0:40:26]} 28. a3
{[%clk 0:12:31]} Nxd3 {[%clk 0:39:39]} 29. Qe3 {[%clk 0:12:57]} Nc5
{[%clk 0:39:50]} 30. Rbc1 {[%clk 0:13:22]} Nxb3 {[%clk 0:39:30]} 31. Qxb3
{[%clk 0:12:51]} Qxd4+ {[%clk 0:34:53]} 32. Kh2 {[%clk 0:13:14]} Rb7
{[%clk 0:34:38]} 33. Rc6 {[%clk 0:08:29]} a5 {[%clk 0:29:59]} 34. Qg3
{[%clk 0:08:56]} Bd7 {[%clk 0:29:09]} 35. Rd6 {[%clk 0:09:25]} b4
{[%clk 0:28:33]} 36. axb4 axb4 {[%clk 0:28:59]} 37. f5 {[%clk 0:10:02]} Qh4
{[%clk 0:26:47]} 38. f6+ {[%clk 0:05:49]} Kf8 {[%clk 0:26:33]} 39. Ra1
{[%clk 0:06:10]} Be8 {[%clk 0:22:06]} 40. Ra8 {[%clk 0:35:51]} 1-0

[Event "2nd Yerevan Open"]
[Site "?"]
[Date "2017.09.27"]
[Round "9.4"]
[White "Aleksandrov, Aleksej"]
[Black "Korneev, Oleg"]
[Result "1-0"]
[BlackElo "2550"]
[WhiteElo "2580"]
[LiveChessVersion "1.4.8"]

1. d4 {[%clk 1:26:52]} d5 {[%clk 1:29:55]} 2. c4 {[%clk 1:27:08]} e6
{[%clk 1:29:50]} 3. Nc3 {[%clk 1:27:28]} c6 {[%clk 1:29:27]} 4. e4
{[%clk 1:23:36]} dxe4 {[%clk 1:29:28]} 5. Nxe4 {[%clk 1:24:02]} Bb4+
{[%clk 1:29:53]} 6. Bd2 {[%clk 1:24:25]} Qxd4 {[%clk 1:30:03]} 7. Bxb4
{[%clk 1:24:50]} Qxe4+ {[%clk 1:30:28]} 8. Ne2 {[%clk 1:25:13]} Nd7
{[%clk 1:21:45]} 9. Qd6 {[%clk 1:21:17]} a5 {[%clk 1:21:48]} 10. Ba3
{[%clk 1:20:48]} c5 {[%clk 1:21:50]} 11. O-O-O {[%clk 1:18:46]} Ra6
{[%clk 1:20:16]} 12. Qd2 {[%clk 1:14:18]} Nh6 {[%clk 1:09:33]} 13. Nc3
{[%clk 1:06:38]} Qc6 {[%clk 1:03:19]} 14. Bd3 {[%clk 1:06:09]} O-O
{[%clk 1:03:02]} 15. Be4 {[%clk 1:03:56]} Qc7 {[%clk 0:59:56]} 16. Nb5
{[%clk 1:02:19]} Qb8 {[%clk 0:58:45]} 17. Rhe1 {[%clk 0:59:03]} f5
{[%clk 0:37:30]} 18. Bc2 {[%clk 0:54:12]} Nf7 {[%clk 0:37:42]} 19. f4
{[%clk 0:51:37]} Rc6 {[%clk 0:35:02]} 20. b3 {[%clk 0:50:53]} Nf6
{[%clk 0:29:35]} 21. Bb2 Rd8 {[%clk 0:22:16]} 22. Qe3 {[%clk 0:47:55]} Bd7
{[%clk 0:19:12]} 23. h3 {[%clk 0:42:06]} Rcc8 {[%clk 0:17:35]} 24. g4
{[%clk 0:42:08]} fxg4 {[%clk 0:12:47]} 25. hxg4 {[%clk 0:42:33]} Bxb5
{[%clk 0:13:03]} 26. cxb5 {[%clk 0:42:56]} Rxd1+ {[%clk 0:12:17]} 27. Rxd1
{[%clk 0:43:21]} Rd8 {[%clk 0:10:34]} 28. Rh1 {[%clk 0:38:51]} Qd6
{[%clk 0:04:51]} 29. Be5 {[%clk 0:35:15]} Qe7 {[%clk 0:02:56]} 30. Bxf6
{[%clk 0:35:17]} gxf6 {[%clk 0:02:48]} 31. Rxh7 {[%clk 0:32:22]} Qd7
{[%clk 0:01:38]} 32. Qxc5 {[%clk 0:31:27]} Qd4 {[%clk 0:01:16]} 33. Qxd4
{[%clk 0:31:35]} Rxd4 {[%clk 0:01:45]} 34. g5 {[%clk 0:30:37]} Rxf4
{[%clk 0:00:48]} 35. g6 {[%clk 0:29:01]} Nd6 {[%clk 0:01:15]} 36. a4
{[%clk 0:28:54]} f5 {[%clk 0:00:40]} 37. Rd7 {[%clk 0:27:52]} Rd4
{[%clk 0:01:06]} 38. b6 {[%clk 0:27:59]} f4 {[%clk 0:01:15]} 39. b4
{[%clk 0:27:24]} f3 {[%clk 0:00:33]} 40. Bb3 {[%clk 0:57:34]} Re4
{[%clk 0:30:33]} 41. Rxd6 {[%clk 0:57:05]} f2 {[%clk 0:30:55]} 42. Rd1
{[%clk 0:57:08]} Re3 {[%clk 0:24:39]} 43. Bc2 {[%clk 0:52:20]} axb4
{[%clk 0:23:44]} 44. Kd2 {[%clk 0:52:24]} Ra3 {[%clk 0:23:44]} 45. Be4
{[%clk 0:52:38]} b3 {[%clk 0:22:01]} 46. Bxb7 {[%clk 0:52:02]} b2
{[%clk 0:20:29]} 47. Be4 {[%clk 0:52:24]} Rxa4 {[%clk 0:19:42]} 48. b7
{[%clk 0:51:54]} 1-0

[Event "2nd Yerevan Open"]
[Site "?"]
[Date "2017.09.27"]
[Round "9.5"]
[White "Mikaelyan, Arman"]
[Black "Ter-Sahakyan, Samvel"]
[Result "1-0"]
[BlackElo "2577"]
[WhiteElo "2474"]
[LiveChessVersion "1.4.8"]

1. d4 {[%clk 1:30:57]} d5 {[%clk 1:30:43]} 2. c4 {[%clk 1:31:21]} c6
{[%clk 1:29:51]} 3. Nc3 {[%clk 1:31:42]} Nf6 {[%clk 1:30:07]} 4. Nf3
{[%clk 1:32:03]} e6 {[%clk 1:26:22]} 5. g3 {[%clk 1:32:18]} dxc4 {[%clk 1:24:09]}
6. Bg2 {[%clk 1:29:52]} Nbd7 {[%clk 1:23:47]} 7. O-O {[%clk 1:30:09]} Be7
{[%clk 1:23:45]} 8. a4 {[%clk 1:29:38]} a5 {[%clk 1:20:10]} 9. e4
{[%clk 1:29:12]} O-O {[%clk 1:19:52]} 10. Qe2 {[%clk 1:29:14]} b6
{[%clk 1:20:00]} 11. Rd1 {[%clk 1:28:17]} Ba6 {[%clk 1:20:17]} 12. Bf4
{[%clk 1:21:59]} Re8 {[%clk 1:09:51]} 13. Nd2 {[%clk 1:20:40]} Rc8
{[%clk 1:04:41]} 14. Nxc4 {[%clk 1:20:06]} Nd5 {[%clk 1:04:28]} 15. Bd2
{[%clk 1:19:49]} Nb4 {[%clk 0:53:39]} 16. Bf4 {[%clk 1:13:39]} Nd5
{[%clk 0:48:58]} 17. Bd2 {[%clk 1:13:46]} Nb4 {[%clk 0:48:56]} 18. Rac1
{[%clk 1:02:19]} b5 {[%clk 0:34:13]} 19. axb5 {[%clk 0:58:21]} cxb5
{[%clk 0:34:39]} 20. Na3 {[%clk 0:57:25]} Nb6 21. Ncxb5 {[%clk 0:52:59]} Qd7
{[%clk 0:17:33]} 22. Bf1 {[%clk 0:52:20]} Rxc1 {[%clk 0:12:46]} 23. Rxc1
{[%clk 0:51:53]} Na2 {[%clk 0:13:07]} 24. Ra1 {[%clk 0:48:15]} Nb4
{[%clk 0:13:27]} 25. Qh5 {[%clk 0:44:53]} Rc8 {[%clk 0:10:10]} 26. Be3
{[%clk 0:43:35]} g6 {[%clk 0:09:09]} 27. Qd1 {[%clk 0:40:42]} Nc2
{[%clk 0:09:08]} 28. Nxc2 {[%clk 0:30:53]} Bxb5 {[%clk 0:09:34]} 29. Na3
{[%clk 0:31:17]} Bxf1 {[%clk 0:05:22]} 30. Qxf1 {[%clk 0:31:39]} Bb4
{[%clk 0:04:42]} 31. Qa6 {[%clk 0:28:48]} Rc6 {[%clk 0:03:46]} 32. Qd3
{[%clk 0:28:39]} f5 {[%clk 0:02:54]} 33. exf5 {[%clk 0:28:04]} gxf5
{[%clk 0:03:12]} 34. Nc2 {[%clk 0:27:53]} Nd5 {[%clk 0:03:25]} 35. Bd2
{[%clk 0:27:47]} Bxd2 {[%clk 0:00:43]} 36. Qxd2 {[%clk 0:28:13]} Nf6
{[%clk 0:01:04]} 37. Ne3 {[%clk 0:24:15]} Rd6 {[%clk 0:01:19]} 38. Qxa5
{[%clk 0:23:50]} Rxd4 {[%clk 0:01:15]} 39. Qc5 {[%clk 0:22:17]} Qd6
{[%clk 0:00:46]} 40. Qc8+ {[%clk 0:51:11]} Kf7 {[%clk 0:30:41]} 41. Ra7+
{[%clk 0:47:07]} Nd7 {[%clk 0:27:14]} 42. Qh8 {[%clk 0:45:16]} Rd2
{[%clk 0:25:10]} 43. Qxh7+ {[%clk 0:45:19]} Kf6 {[%clk 0:25:07]} 44. h4
{[%clk 0:38:02]} Qd3 45. Qh6+ {[%clk 0:30:31]} Kf7 {[%clk 0:19:06]} 46. Qf4
{[%clk 0:23:15]} Rxb2 {[%clk 0:11:17]} 47. h5 {[%clk 0:17:23]} Qb1+
{[%clk 0:05:37]} 48. Kh2 {[%clk 0:16:15]} Rb7 {[%clk 0:06:03]} 49. Ra8
{[%clk 0:16:00]} Rb8 {[%clk 0:04:18]} 50. Ra7 {[%clk 0:14:25]} Rb7
{[%clk 0:04:23]} 51. Ra4 Nc5 {[%clk 0:01:22]} 52. Ra8 {[%clk 0:13:21]} Qe4
{[%clk 0:00:35]} 53. Qd6 {[%clk 0:10:17]} Nd7 {[%clk 0:00:36]} 54. Rd8
{[%clk 0:10:36]} Qa4 {[%clk 0:00:40]} 55. Nd5 {[%clk 0:10:45]} 1-0

[Event "2nd Yerevan Open"]
[Site "?"]
[Date "2017.09.27"]
[Round "9.6"]
[White "Kislinsky, Alexey"]
[Black "Melkumyan, Hrant"]
[Result "0-1"]
[BlackElo "2642"]
[WhiteElo "2505"]
[LiveChessVersion "1.4.8"]

1. e4 {[%clk 1:26:44]} e5 {[%clk 1:30:50]} 2. Nf3 {[%clk 1:26:48]} Nc6
{[%clk 1:31:10]} 3. Bc4 {[%clk 1:27:04]} Nf6 {[%clk 1:31:09]} 4. d3
{[%clk 1:27:19]} Bc5 {[%clk 1:31:05]} 5. O-O {[%clk 1:27:13]} O-O
{[%clk 1:30:56]} 6. h3 {[%clk 1:27:22]} d6 {[%clk 1:28:23]} 7. c3
{[%clk 1:27:11]} a6 {[%clk 1:27:50]} 8. Bb3 {[%clk 1:27:20]} Ba7 {[%clk 1:28:11]}
9. Nbd2 {[%clk 1:27:03]} Nh5 {[%clk 1:22:15]} 10. Nc4 {[%clk 1:26:11]} Qf6
{[%clk 1:14:04]} 11. Ne3 {[%clk 1:23:37]} Bxe3 {[%clk 1:10:19]} 12. Bxe3
{[%clk 1:21:50]} Nf4 {[%clk 1:04:55]} 13. Bxf4 {[%clk 1:19:07]} Qxf4
{[%clk 1:05:07]} 14. Qd2 {[%clk 1:19:28]} g5 {[%clk 0:57:42]} 15. Rae1
{[%clk 1:10:38]} Kh8 {[%clk 0:53:37]} 16. Re3 {[%clk 1:09:06]} Rg8
{[%clk 0:46:27]} 17. g3 {[%clk 1:05:33]} Qf6 {[%clk 0:43:28]} 18. Kg2
{[%clk 1:04:43]} Ne7 {[%clk 0:38:05]} 19. Nh2 {[%clk 1:04:21]} Qg7
{[%clk 0:27:57]} 20. Ng4 {[%clk 1:01:47]} Rf8 {[%clk 0:16:40]} 21. d4 h5 22. Nh2
{[%clk 0:57:27]} Ng6 {[%clk 0:11:38]} 23. Ree1 {[%clk 0:52:06]} f6
{[%clk 0:11:39]} 24. dxe5 {[%clk 0:50:53]} Nxe5 {[%clk 0:10:49]} 25. f4
{[%clk 0:50:11]} gxf4 {[%clk 0:11:03]} 26. Rxf4 {[%clk 0:47:42]} Ng6
{[%clk 0:11:16]} 27. Rf2 {[%clk 0:46:56]} Bd7 {[%clk 0:10:12]} 28. Nf3
{[%clk 0:42:24]} Rae8 {[%clk 0:09:25]} 29. Nd4 {[%clk 0:41:59]} Re5
{[%clk 0:08:20]} 30. Kh2 {[%clk 0:38:32]} a5 {[%clk 0:03:08]} 31. Ref1
{[%clk 0:33:13]} a4 {[%clk 0:02:29]} 32. Bd1 {[%clk 0:33:24]} Ne7
{[%clk 0:02:01]} 33. Nf3 {[%clk 0:32:07]} Rc5 {[%clk 0:02:04]} 34. b4
{[%clk 0:29:49]} axb3 {[%clk 0:02:33]} 35. axb3 {[%clk 0:29:55]} Rg8
{[%clk 0:02:48]} 36. Rg1 {[%clk 0:26:29]} Ra5 {[%clk 0:03:15]} 37. b4
{[%clk 0:26:41]} Ra1 {[%clk 0:01:23]} 38. Nd4 {[%clk 0:21:00]} Nc6
{[%clk 0:00:40]} 39. Nc2 {[%clk 0:19:12]} Raa8 {[%clk 0:00:35]} 40. Bxh5
{[%clk 0:48:52]} Ne5 {[%clk 0:30:54]} 41. Nd4 {[%clk 0:42:19]} Qg5
{[%clk 0:26:15]} 42. Bd1 Qxd2 {[%clk 0:26:15]} 43. Rxd2 Ra3 {[%clk 0:19:26]} 44.
Rf2 {[%clk 0:35:41]} Kg7 45. Ne2 {[%clk 0:30:16]} Rh8 {[%clk 0:18:42]} 46. Nf4
{[%clk 0:29:48]} Rxc3 {[%clk 0:15:06]} 47. Nh5+ {[%clk 0:27:25]} Kf7
{[%clk 0:15:30]} 48. g4 {[%clk 0:25:28]} Rxh3+ {[%clk 0:11:01]} 49. Kxh3
{[%clk 0:25:48]} Rxh5+ {[%clk 0:11:29]} 50. Kg3 {[%clk 0:25:52]} Rg5
{[%clk 0:10:31]} 51. Rh2 {[%clk 0:22:52]} Bxg4 {[%clk 0:09:55]} 52. Kf4
{[%clk 0:21:11]} Bxd1 {[%clk 0:09:22]} 53. Rxd1 {[%clk 0:21:28]} Rg4+
{[%clk 0:09:12]} 54. Ke3 {[%clk 0:21:52]} Rg3+ {[%clk 0:09:14]} 55. Ke2
{[%clk 0:21:43]} Rc3 {[%clk 0:04:09]} 56. Rh7+ {[%clk 0:21:45]} Ke6
{[%clk 0:04:17]} 57. Rg1 {[%clk 0:21:42]} Rc2+ {[%clk 0:03:26]} 58. Ke3
{[%clk 0:21:59]} Rc3+ {[%clk 0:03:50]} 59. Ke2 {[%clk 0:22:24]} Rc4
{[%clk 0:03:23]} 60. Ke3 {[%clk 0:22:42]} d5 {[%clk 0:02:44]} 61. exd5+
{[%clk 0:22:19]} Kxd5 {[%clk 0:03:11]} 62. Rd1+ {[%clk 0:20:49]} Kc6
{[%clk 0:02:19]} 63. Rd4 {[%clk 0:19:28]} Rc1 {[%clk 0:01:51]} 64. Kd2
{[%clk 0:16:48]} Rf1 {[%clk 0:02:05]} 65. Ke2 {[%clk 0:17:04]} Rf5
{[%clk 0:02:23]} 66. Rd8 {[%clk 0:16:14]} Ng6 {[%clk 0:02:19]} 67. Rdd7
{[%clk 0:15:42]} Nf4+ {[%clk 0:02:46]} 68. Kd2 {[%clk 0:13:51]} Nd5
{[%clk 0:03:14]} 69. Rhf7 {[%clk 0:12:36]} b6 {[%clk 0:03:24]} 70. Kd3
{[%clk 0:09:29]} Nxb4+ {[%clk 0:03:10]} 71. Ke4 {[%clk 0:09:46]} Re5+
{[%clk 0:03:18]} 72. Kd4 {[%clk 0:10:10]} Nd5 {[%clk 0:03:24]} 73. Rd8
{[%clk 0:10:10]} Re1 {[%clk 0:03:17]} 74. Rh8 {[%clk 0:09:24]} Rd1+
{[%clk 0:03:37]} 75. Kc4 {[%clk 0:09:46]} b5+ {[%clk 0:03:59]} 76. Kb3
{[%clk 0:10:12]} Rd3+ {[%clk 0:04:15]} 77. Kb2 {[%clk 0:10:37]} Rf3
{[%clk 0:04:40]} 78. Rh5 {[%clk 0:10:48]} Kd6 {[%clk 0:04:48]} 79. Rf8
{[%clk 0:10:45]} c6 {[%clk 0:04:56]} 80. Rh1 {[%clk 0:11:04]} Rf2+
{[%clk 0:04:32]} 81. Kb3 {[%clk 0:11:26]} Rf3+ {[%clk 0:04:56]} 82. Kb2
{[%clk 0:11:54]} Kc7 {[%clk 0:04:21]} 83. Rh5 {[%clk 0:10:18]} Kb6
{[%clk 0:03:59]} 84. Rb8+ {[%clk 0:10:30]} Kc5 {[%clk 0:04:21]} 85. Rc8
{[%clk 0:10:55]} b4 {[%clk 0:03:07]} 86. Rh1 {[%clk 0:10:43]} Nb6
{[%clk 0:03:10]} 87. Rh5+ {[%clk 0:10:48]} f5 {[%clk 0:03:24]} 88. Rf8
{[%clk 0:10:44]} Nc4+ {[%clk 0:03:52]} 89. Kc1 {[%clk 0:10:44]} Nd6
{[%clk 0:04:17]} 90. Rf6 {[%clk 0:10:36]} b3 {[%clk 0:03:52]} 91. Kb1
{[%clk 0:06:19]} Kd5 {[%clk 0:03:27]} 92. Rh1 {[%clk 0:06:34]} Nc4
{[%clk 0:03:38]} 93. Rfh6 {[%clk 0:06:35]} Rf2 {[%clk 0:03:48]} 94. Rd1+
{[%clk 0:05:56]} Kc5 {[%clk 0:04:12]} 95. Rc1 {[%clk 0:06:17]} Kb5
{[%clk 0:04:33]} 0-1

[Event "2nd Yerevan Open"]
[Site "?"]
[Date "2017.09.27"]
[Round "9.7"]
[White "Onischuk, Vladimir"]
[Black "Gabrielian, Artur"]
[Result "1/2-1/2"]
[BlackElo "2501"]
[WhiteElo "2638"]
[LiveChessVersion "1.4.8"]

1. Nf3 {[%clk 1:30:54]} c5 {[%clk 1:27:41]} 2. g3 {[%clk 1:30:25]} Nc6
{[%clk 1:27:47]} 3. Bg2 {[%clk 1:30:23]} g6 {[%clk 1:27:25]} 4. d4
{[%clk 1:30:14]} cxd4 {[%clk 1:27:40]} 5. Nxd4 {[%clk 1:30:37]} Bg7
{[%clk 1:28:03]} 6. Nb3 {[%clk 1:30:54]} d6 {[%clk 1:20:13]} 7. Nc3
{[%clk 1:28:38]} Nf6 {[%clk 1:18:27]} 8. O-O {[%clk 1:27:31]} Bd7
{[%clk 1:13:43]} 9. h3 {[%clk 1:27:09]} O-O {[%clk 1:01:55]} 10. e4
{[%clk 1:26:13]} Rc8 {[%clk 1:02:22]} 11. Re1 {[%clk 1:17:23]} Re8
{[%clk 1:02:38]} 12. Nd5 {[%clk 1:04:19]} Nxd5 {[%clk 0:56:48]} 13. exd5
{[%clk 1:04:25]} Ne5 {[%clk 0:56:24]} 14. Nd4 {[%clk 1:02:09]} Qb6
{[%clk 0:43:05]} 15. c3 {[%clk 1:00:33]} e6 {[%clk 0:42:46]} 16. dxe6
{[%clk 0:57:44]} fxe6 {[%clk 0:42:38]} 17. h4 {[%clk 0:46:49]} Nf7 18. Qb3
{[%clk 0:24:12]} Bxd4 {[%clk 0:30:53]} 19. cxd4 {[%clk 0:24:37]} Bc6
{[%clk 0:31:04]} 20. Qxb6 {[%clk 0:19:43]} axb6 {[%clk 0:31:29]} 21. d5
{[%clk 0:16:41]} Bxd5 {[%clk 0:24:55]} 22. Bxd5 {[%clk 0:16:59]} exd5
{[%clk 0:25:21]} 23. Rxe8+ {[%clk 0:16:09]} Rxe8 {[%clk 0:25:47]} 24. Be3
{[%clk 0:16:33]} Rc8 {[%clk 0:24:52]} 25. Rd1 {[%clk 0:10:36]} Rc2
{[%clk 0:23:57]} 26. b4 {[%clk 0:08:40]} Ne5 {[%clk 0:20:49]} 27. Rxd5
{[%clk 0:07:00]} Nc4 {[%clk 0:20:55]} 28. Rb5 {[%clk 0:03:18]} Rxa2
{[%clk 0:14:59]} 29. Bxb6 {[%clk 0:03:13]} Na3 {[%clk 0:11:32]} 30. Ra5
{[%clk 0:01:35]} Ra1+ {[%clk 0:11:57]} 31. Kg2 {[%clk 0:02:02]} Nc2
{[%clk 0:12:11]} 32. Rb5 {[%clk 0:01:20]} Na3 {[%clk 0:11:51]} 33. Rd5
{[%clk 0:00:49]} Nc4 {[%clk 0:04:28]} 34. Bc7 {[%clk 0:00:41]} Ra6
{[%clk 0:03:50]} 35. b5 {[%clk 0:00:43]} Ra2 {[%clk 0:04:00]} 36. Rd4
{[%clk 0:00:59]} d5 {[%clk 0:01:25]} 37. Bf4 {[%clk 0:00:48]} Nb6
{[%clk 0:01:45]} 38. Bc7 {[%clk 0:01:08]} Nc4 {[%clk 0:02:10]} 39. Bf4
{[%clk 0:01:15]} Nb6 {[%clk 0:02:34]} 40. Rd3 {[%clk 0:30:55]} Rb2 41. Re3
{[%clk 0:26:15]} d4 {[%clk 0:22:14]} 42. Re8+ {[%clk 0:11:12]} Kf7
{[%clk 0:22:28]} 43. Rh8 {[%clk 0:11:21]} Nd5 {[%clk 0:19:34]} 44. Rxh7+
{[%clk 0:08:56]} Ke6 {[%clk 0:19:47]} 45. Rg7 {[%clk 0:01:25]} Kf5
{[%clk 0:15:42]} 46. Rd7 {[%clk 0:00:35]} Ke4 {[%clk 0:08:36]} 47. Bc1
{[%clk 0:00:50]} Rc2 {[%clk 0:07:56]} 48. Bg5 {[%clk 0:00:59]} d3
{[%clk 0:06:53]} 49. Rxb7 {[%clk 0:01:04]} d2 {[%clk 0:06:17]} 50. Bxd2
{[%clk 0:01:29]} Rxd2 {[%clk 0:06:44]} 51. Rf7 {[%clk 0:00:49]} Rb2
{[%clk 0:06:04]} 52. Kh3 {[%clk 0:00:43]} Ke5 {[%clk 0:04:09]} 53. Kg4
{[%clk 0:00:35]} Ke6 {[%clk 0:03:31]} 54. Rf3 {[%clk 0:00:42]} Rxb5
{[%clk 0:03:41]} 55. Kg5 {[%clk 0:00:54]} Ne7+ {[%clk 0:03:50]} 56. Kh6
{[%clk 0:00:52]} Rh5+ {[%clk 0:01:41]} 57. Kg7 {[%clk 0:01:18]} Ra5
{[%clk 0:01:01]} 58. g4 {[%clk 0:01:11]} Ra4 {[%clk 0:01:01]} 59. Rf6+
{[%clk 0:00:57]} Kd7 {[%clk 0:01:25]} 60. f3 {[%clk 0:01:03]} Ra3
{[%clk 0:01:03]} 61. Rf4 {[%clk 0:00:56]} Ke6 {[%clk 0:00:47]} 62. Re4+
{[%clk 0:00:56]} Kd6 {[%clk 0:00:38]} 63. f4 {[%clk 0:01:00]} Rg3
{[%clk 0:00:47]} 64. g5 {[%clk 0:00:43]} Rg4 {[%clk 0:00:45]} 65. Kf6
{[%clk 0:00:35]} Nd5+ {[%clk 0:00:52]} 66. Kxg6 {[%clk 0:01:00]} Nxf4+
{[%clk 0:00:52]} 67. Kf5 {[%clk 0:01:09]} Rxh4 {[%clk 0:01:12]} 68. Rxf4
{[%clk 0:01:21]} Rxf4+ {[%clk 0:01:33]} 69. Kxf4 {[%clk 0:01:48]} Ke6
{[%clk 0:01:54]} 70. g6 {[%clk 0:01:56]} Kf6 {[%clk 0:02:21]} 71. g7
{[%clk 0:02:23]} Kxg7 {[%clk 0:02:47]} 1/2-1/2

[Event "2nd Yerevan Open"]
[Site "?"]
[Date "2017.09.27"]
[Round "9.8"]
[White "Babujian, Levon"]
[Black "Petrosian, Tigran L."]
[Result "0-1"]
[BlackElo "2615"]
[WhiteElo "2458"]
[LiveChessVersion "1.4.8"]

1. e4 {[%clk 1:30:53]} d6 {[%clk 1:30:57]} 2. d4 {[%clk 1:31:15]} Nf6
{[%clk 1:31:22]} 3. Nc3 {[%clk 1:31:40]} g6 {[%clk 1:31:49]} 4. Be3
{[%clk 1:31:50]} c6 {[%clk 1:32:15]} 5. f3 {[%clk 1:31:29]} Nbd7 {[%clk 1:32:23]}
6. Qd2 {[%clk 1:31:50]} b5 {[%clk 1:30:53]} 7. O-O-O {[%clk 1:26:23]} Qa5
{[%clk 1:27:01]} 8. Kb1 {[%clk 1:24:17]} b4 {[%clk 1:21:10]} 9. Nce2
{[%clk 1:23:40]} Ba6 {[%clk 1:20:17]} 10. Nh3 {[%clk 1:22:16]} Nb6
{[%clk 1:13:09]} 11. b3 {[%clk 1:18:45]} Bg7 {[%clk 1:06:33]} 12. Nc1
{[%clk 1:17:01]} Bxf1 {[%clk 1:05:55]} 13. Rhxf1 {[%clk 1:17:19]} c5
{[%clk 0:57:57]} 14. dxc5 {[%clk 1:15:01]} dxc5 {[%clk 0:57:30]} 15. Bh6
{[%clk 1:15:12]} O-O {[%clk 0:57:11]} 16. Bxg7 {[%clk 1:15:34]} Kxg7
{[%clk 0:57:32]} 17. Qg5 {[%clk 1:15:40]} Rac8 {[%clk 0:52:17]} 18. Nf4
{[%clk 1:14:58]} h6 {[%clk 0:32:49]} 19. Qe5 {[%clk 1:14:11]} Rfe8
{[%clk 0:33:08]} 20. h4 {[%clk 1:12:02]} Kg8 {[%clk 0:32:06]} 21. h5
{[%clk 1:04:05]} Nfd7 {[%clk 0:26:26]} 22. Qa1 {[%clk 0:55:42]} g5
{[%clk 0:26:45]} 23. Nd5 {[%clk 0:53:59]} c4 24. Nxb6 {[%clk 0:47:28]} Nxb6
{[%clk 0:25:54]} 25. Qd4 {[%clk 0:47:41]} e5 {[%clk 0:24:27]} 26. Qe3
{[%clk 0:43:52]} Re6 {[%clk 0:20:08]} 27. Ne2 {[%clk 0:29:51]} Rec6
{[%clk 0:12:49]} 28. Rd2 {[%clk 0:26:57]} Qa3 {[%clk 0:05:11]} 29. Rfd1
{[%clk 0:25:51]} Na4 {[%clk 0:05:11]} 30. Rd8+ {[%clk 0:17:50]} Kh7
{[%clk 0:03:24]} 31. Qc1 {[%clk 0:17:29]} cxb3 {[%clk 0:03:46]} 32. axb3
{[%clk 0:17:38]} Qxc1+ {[%clk 0:03:56]} 33. Kxc1 {[%clk 0:14:39]} Rxc2+
{[%clk 0:04:21]} 34. Kb1 {[%clk 0:15:07]} Rb2+ {[%clk 0:03:37]} 35. Ka1
{[%clk 0:15:34]} Rxd8 {[%clk 0:02:11]} 36. Rxd8 {[%clk 0:15:47]} Rxb3
{[%clk 0:02:37]} 37. Nc1 {[%clk 0:13:55]} Rc3 {[%clk 0:01:19]} 38. Nd3
{[%clk 0:10:17]} b3 {[%clk 0:01:33]} 39. Rd7 {[%clk 0:10:26]} Rc2
{[%clk 0:01:27]} 0-1